Datum a čas kvízu

28.5 Celkem bodů Celkový počet nahraných bodů na tomto kvízu bez doplňovacích otázek.
4. Pořadí na kvízu Konečné umístění týmu na tomto kvízu.

Zaznamenané odpovědi

# Otázka Odpověď Body Výsledky
1. Jeden z českých vrcholných pol... Ivan Bartoš 1
2. Napište dvouslovný název chemi... dusičnan (ledek) amonný 1
3. Německá televize ARD začne od... Pan Tau 0
4. Jedna z německých automobilek... Audi 1
5. Za fotbalovou Spartu budou nas... Ladislav Krejčí 1
6. Historie kulečníkových her sah... slonovina 1
7. Kulečník, nebo také biliár (z... snooker 1
8. Osmička (Eight-ball) se hraje... A 1
9. Nyní vám pustíme ukázku ze ser... karambol 0
10. Barva peněz je snímek z roku 1... Tom Cruise 0